000 00618nam a22001697a 4500
005 20231026124438.0
008 231026b |||||||| |||| 00| 0 eng d
020 _a9780409023831
041 _aEnglish
082 _a346.7 NIE
100 _aNienaber, PM and Reinecke, MFB
_lEnglish
245 _aLife Insurance in South Africa - A compendium :
_bA perspective from the office of the Ombudsman for Long-term Insurance /
_cPM Nienaber and MFB Reinecke
260 _aDurban :
_bLexisNexis,
_c2009
300 _bxxii, 415 pages ;
_c24,8 cm.
650 _aLegal practice
_bLaw
942 _cBK
_6ALISON_BN_VRIES
999 _c86
_d86